000 00446ntaaa2200181 4500
003 01
005 20251027202849.0
008 0714s1973 ag 01
040 _aAR-BaBN
_bspa
_cAR-BaBN
_eaacr
_dRIC
082 _a269.0000 L58
100 _aLewis, V.H.
245 _aLa iglesia ganando almas
250 _a1 ed.
260 _aKansas City :
_bCasa Nazarena de Publicaciones,
_cs.f.
300 _a96 p
650 _aevangelismo
_9336
942 _cBK
999 _c23995
_d23995